000 00569nam a2200217Ia 4500
003 OSt
005 20220923212006.0
006 a|||||r|||| 00| 0
007 ta
008 Pun
024 _a87,607
037 _cTextual
040 _aARTS
_cARTS
_bPun
041 _2Pun
_aPun
082 _aU.236.3, 153K7
100 _aਕੰਵਲ, ਬਲਬੀਰ ਸਿੰਘ
_9156315
245 0 _aਪੰਜਾਬ ਦੇ Fਹਿਰ
260 _c1967
942 _hU.236.3, 153K7
_cTEXL
_2CC
999 _c305249
_d305249